000 00743nam a2200241Ia 4500
003 PE SENCICO BE
005 20251020182433.0
008 200515s9999 xx 000 0 und d
020 _a958-683-234-1
040 _aPE SENCICO BE
_cPE SENCICO BE
041 _aspa
082 _a378.12
_bV32
100 1 _aVásquez Rodríguez, Fernando
_92687
_eautor
245 1 0 _aOficio de maestro /
_cFernando Vásquez Rodríguez
250 _a1a ed.
260 _aBogotá :
_bPontificia Universidad Javeriana ;
_c2000
300 _a218 p. :
_c23 cm.
505 0 _aFormar -- Educar -- Leer -- Escribir -- Hablar -- Crear
650 1 0 _aDocencia
_92688
650 2 0 _aFilosofía de la educación
_92278
650 2 0 _aLectura
_92174
942 _cLIB
_2ddc
999 _c314
_d314